| 000 | 01856nam0a2200409 4500 | ||
|---|---|---|---|
| 001 | RU\NLR\bibl\993254 | ||
| 005 | 20250614222216.0 | ||
| 010 |
_a5-9539-0136-4 _912000 |
||
| 021 |
_aRU _b2006-50934 _92518 |
||
| 035 | _a(nilc)RSL-KNO-002923458 | ||
| 035 | _a(NLR Aleph) 000981036 | ||
| 090 |
_a459246 _c459246 |
||
| 100 | _a20060906d2006 |||y0rusy50 ca | ||
| 101 | 1 |
_arus _ceng |
|
| 102 | _aRU | ||
| 105 | _aa ||||||||| | ||
| 106 | _ar | ||
| 200 | 1 |
_a100 чародейских способов весело провести время _e[для детей среднего шк. возраста _fАвт.: Паола Мулацци, Эрика Феррати _gпер. с англ. Т. Коробковой] |
|
| 210 |
_aМосква _cЭгмонт Россия Лтд. _d2006 _eТверь _gТверской полиграфкомбинат детской литературы |
||
| 215 |
_a96 с. _cил. _d19 |
||
| 225 | 1 | _aВедьма. W.I.T.C.H. | |
| 225 | 1 | _aНастольная книга Ведьмы | |
| 300 | _aНа обороте тит.л.: Назв. на яз. ориг.: W.I.T.C.H.: 100 bewitching ways to get along in a GROUP | ||
| 300 | _aНа обороте тит.л.: авт. англ. текста Джон Рагман | ||
| 454 | 0 |
_12001#$aW.I.T.C.H.: 100 bewitching ways to get along in a GROUP _tW.I.T.C.H.: 100 bewitching ways to get along in a GROUP |
|
| 610 | 0 | _aДетская литература | |
| 686 |
_aШ9(2)72(7США) _2rubbk |
||
| 686 | _aШ9(7США)62-4 | ||
| 700 | 1 |
_4070 _7ca _8rus _aМулацци _bП. _gПаола _9258471 _3RU\NLR\AUTH\770258527 |
|
| 701 | 1 |
_aФеррати _bЭ. _gЭрика _4070 |
|
| 801 | 0 |
_aRU _bРКП _c20060906 _grcr |
|
| 801 | 1 |
_aRU _bРГБ _c20060906 |
|
| 801 | 2 |
_aRU _bNLR _c20061006 _grcr |
|
| 942 | _cBOOK | ||
| 980 | _aNB | ||